00391 2200145 4500001002100000005001500021035002000036082000800056084001400064100002900078245006700107260004800174300001100222990001200233INLIS00000000000195720250523092901 a0010-0525000249 a000 a000 YAY m0 aYayasan Jati Diri Bangsa1 aMembangun Kembali Jati Diri Bangsa /cYayasan Jati Diri Bangsa aJakarta :bPT. Elex Media Komputindo,c2008 a63 hlm a0713503